Tratado de sanidad y beneficencia, arreglado á todas las disposiciones vigentes que se han dictado sobre los diversos puntos, servicios y detalles que comprenden estos ramos hasta julio de 1885 / por Fermín Abella ; El Consultor de los Ayuntamientos y de los Juzgados Municipales
Publicado:
Madrid :Impr. de E. de la Riva :
1885
Descripción Física:
VI, [1], 915 p. ; 23 cm
MARC
| LEADER | 00000nam a2200000Ia 4500 | ||
|---|---|---|---|
| 001 | 14074 | ||
| 008 | 160829s1885 xx 000 0 cat d | ||
| 080 | |a D-2-53 | ||
| 100 | |a Abella, Fermín |9 22257 | ||
| 245 | |a Tratado de sanidad y beneficencia, arreglado á todas las disposiciones vigentes que se han dictado sobre los diversos puntos, servicios y detalles que comprenden estos ramos hasta julio de 1885 / por Fermín Abella ; El Consultor de los Ayuntamientos y de los Juzgados Municipales | ||
| 250 | |a 3a ed., rev. y aum. | ||
| 260 | |a Madrid :Impr. de E. de la Riva, |c 1885 | ||
| 300 | |a VI, [1], 915 p. ; |c 23 cm | ||
| 650 | |a Salut pública |x Dret i legislació |x Espanya |9 23406 | ||
| 650 | |a Beneficència |x Dret i legislació |x Espanya |9 39303 | ||
| 710 | 2 | |9 55435 |a Consultor de los Ayuntamientos y de los Juzgados Municipales |e entitat autora | |
| 901 | |a Arxiu | ||
| 942 | |n 1 |2 udc | ||
| 952 | |0 0 |1 0 |4 0 |6 D253 |7 1 |9 48010 |a Arxiu |b Arxiu |d 2016-12-01 |l 0 |o D-2-53 |p 14074 |r 2016-12-01 00:00:00 |w 2016-12-01 |y ARXIU | ||
| 999 | |c 51811 |d 51811 | ||